000 00657cab a2200253 4500
001 ABS53419
008 090401t1995 xxu||||| |||| 00| 0 eng d
035 _a(Sirsi) u4052
041 _aeng
100 _aBirts, P.
245 _aRights of passage
260 _c1995
350 _a0
490 _aCountry Landowner
_vSeptember 1995, 27
520 _aDiscusses the issues involved in modifying a public right of way.
650 _aLANDOWNERS
650 _aMODIFICATION
650 _aPUBLIC FOOTPATHS
650 _aRIGHTS OF WAY
690 _aHIGHWAYS RIGHTS OF WAY AND EASEMENTS
700 _aAckroyd, P.
942 _n0
948 _c04/03/1997
999 _c2427
_d2427